LEADER 01301nam a2200265 4500 001 000000330494 003 CaOOAMICUS 005 20200318093023.0 008 180925s2011 it o 000 u ita r 020 $a978-88-6512-085-9 040 $aSeMil$bita 245 00$aCongregazioni e ordini cattolici a Venezia tra Ottocento e Novecento /$ca cura di Gian Pietro Casadoro ; testi di Franco Tonon ... [et al.]. 264 1$aVenezia :$bMarcianum Press,$c2011. 300 $a204 p. :$bill. ;$c21 cm 490 1 $aQuaderni delle Scuole di Venezia ;$v5 650 4$aCongregazioni e confraternite religiose - Sec. 16-18.$0(OLS)http://semarc/subject/45274 700 1 $aCasadoro, Gian Pietro,$ecuratore.$0(OLS)http://semarc/name/108187 700 1 $aTonon, Franco.$0(OLS)http://semarc/name/39976 830 0$aQuaderni delle Scuole di Venezia ;$v5.$0(OLS)http://semarc/title/418942 850 $aSeMil 852 $aSeMil$W1$xVenegono$y1$m3B II 44$j210482$B224413$CSeMilBibl$Z2$F224413 $81 996 $6020$a978-88-6512-085-9$9(OLS)http://semarc/number/285239 996 $6245$aCongregazioni e ordini cattolici a Venezia tra Ottocento e Novecento $9(OLS)http://semarc/title/418943 996 $6264$aVenezia :$bMarcianum Press$9(OLS)http://semarc/publisher/31536 LEADER 00935nam a2200241 i 4500 001 000000185331 003 CaOOAMICUS 005 20151023000000.0 008 151023s1928 it u000 u fre u 013 $a163332 040 $aSeMil$bita 100 1 $aPrior, Henry.$0(OLS)http://semarc/name/68095 245 10$aPetits documents relatifs à Alessandro Manzoni /$cpubliés par Henry Prior. 260 $aMilan :$b[s.n.],$c1928. 300 $a15 p. :$bill. ;$c20 cm. 500 $aFondo card. Giovanni Colombo. 600 14$aManzoni, Alessandro <1785-1873>.$0(OLS)http://semarc/subject/1531 850 $aSeMil 852 $aSeMil$W1$xVenegono$y1$m3GC VIII 218/16$j136022$B136022$CSeMilBibl$Z2$F147584 $8B 941 1 $a3 961 $aLascito: Colombo Card. Giovanni 996 $6245$aPetits documents relatifs à Alessandro Manzoni$9(OLS)http://semarc/title/266291 996 $6260$aMilan :$b[s.n.]$9(OLS)http://semarc/publisher/47572